000 01664nam a2200385 c 4500
003 BLK
005 20230112180857.0
008 180409b bul|||||r ||||||| ||bul||
010 _aKNG00113364000
020 _a954-540-035-8
_bиздат.: Агата-А
040 _aBLK
041 _aBUL
_cBUL
080 _aИзобразителни изкуства и художествени занаяти
_b73/76
_x.036(497.2):316.73
_z73/76.036(497.2):316.73
100 1 _aСтефанов, Свилен Иванов
_eпърви автор
_9371209
139 _aСтефанов, Свилен Иванов
_bС 75
245 1 0 _aАвангард и норма
_bИновационни тенденции в българското изкуство от края на ХХ в.
_cСвилен Иванов Стефанов.
257 _aBGR
260 София
_bАгата-А
_c2004
_fСофия : АСИ - Панчо Цекин
300 _a202 с.
_bс ил.
_c21Х23 см
380 _a7
500 _aКн. е изд. с конкурс на Нац. фонд Култура. - Библиогр. под линия ; Рез. на англ. ез.
504 _aпод линия
650 4 _aИзобразително изкуство, българско
_9243150
650 4 _aАвангардизъм
_9146194
651 4 _aБългария
_9241624
653 _aизобразително изкуство
653 _aавангардизъм
653 _aбългарско изкуство
653 _aХХ в.
852 _aЦб 219767
856 4 _qpdf
_u
856 4 _qpdf
_u
942 _cKNG
_n0
_01
944 _aCR
_c02.06.2004
_kИрена_Линкова
944 _aED
_c19.09.2012
_k
999 _c108066
_d108066